000 00540nam a2200193Ia 4500
005 20250326143922.0
008 250326s9999 xx 000 0 und d
037 _aTextbook
040 _aFMSL
_beng
_cFMSL
041 _aeng
_2eng
084 _aY.33.44 P7
_qFMSL
100 _aAhmed S
_9304536
245 0 _aIndia's long-term growth experience - lessons and prospects
_cAhmed S
260 _aNew Delhi
_bNew Delhi, Sage
_c2007
300 _a102p
365 _b475
942 _cTB
_hY.33.44 P7
999 _c1301617
_d1301617